MDQL
is popping MORE tags! Check the
thread
!
Quizzes
Events
Quiz Creation
Community
Videos
Private Events
Remove Ads
Sign In
Join for FREE
Feedback
Dark Mode
Quiz Categories
Sports
Geography
Music
Movies
Television
Just For Fun
Miscellaneous
History
Literature
Language
Science
Gaming
Entertainment
Religion
Holiday
For Kids
Quiz Lab
Recent
Popular Today
Quiz Kudos Today
Editor Picks
Curator Picks
Quizzes by...
Day
Popularity
Type
Ratings
Length
Year
Community
Subscriptions
Recent Discussions
Orange Saloon
Badges
Playlists
Quests
Create
Leaderboards
Showdown
Live 5
Trivia Bingo
Activity
Puzzle Library
Sporcle Events
Private Events
Virtual Trivia
Globe League
Become a Host
Pub Owners
SporcleCon
Opinionation
Our Games
Videos
Blog
Mobile Apps
Partnerships
Remove Ads and Go Orange
Feedback
Sports
Athletes
MLB
NBA
NHL
NFL
Soccer
Sports Teams
WWE
NCAA
Football
Premier League
Basketball
Baseball
Hockey
Golf
Tennis
Cricket
Rugby
Auto Racing
Olympics
World Cup
Sports
Athletes
MLB
NBA
NHL
NFL
Soccer
Sports Teams
WWE
NCAA
Football
Premier League
Basketball
Baseball
Hockey
Golf
Tennis
Cricket
Rugby
Auto Racing
Olympics
World Cup
Random Quiz
Search Sporcle
×
Quiz Lab
Quiz Lab
Sports
Numbers
Type in answers that appear in a list
Type in answers that appear in a list
Classic
Best Score? Go Orange.
Times Top 50 Newcastle Players Stats
Can you name the Times Top 50 Newcastle Players?
By
Cestrian
13m
54 Questions
3,165 Plays
3,165 Plays
3,165 Plays
Comments
Comments
Give Quiz Kudos
Give Quiz Kudos
-
- Ratings
hide this ad
Replay
Link that replays current quiz
Next Quiz
Link to next quiz in quiz playlist
You Got
0%
They Got
Avg Score
23%
Avg Friend Score
Upgrade to see
Score Distribution
Jump to the score distribution portion of the page
Score
0/54
Timer
13:00
0
Plays Today
Number
Player
% Correct
2
Alan Shearer
97.7%
3
Peter Beardsley
73.1%
16=
Shay Given
69.7%
1
Jackie Milburn
64.7%
35
Les Ferdinand
61%
50
David Ginola
60.8%
34
Rob Lee
59.8%
36
Andrew Cole
58%
7
Kevin Keegan
54.8%
37=
Nolberto Solano
50%
14
Malcolm Macdonald
44.8%
46=
Philippe Albert
44.6%
19
Paul Gascoigne
43.5%
31
Frank Clark
35.8%
16=
Pavel Srnicek
33.9%
39
Jimmy Smith
32%
25
Chris Waddle
31.4%
4
Hughie Gallacher
29.3%
46=
Steve Howey
25.1%
8
Bobby Moncur
25.1%
43=
Pop Robson
24.7%
40
Terry McDermott
23.1%
18
Wyn Davies
16.5%
42
Barry Venison
16.1%
37=
George Robledo
15.1%
32
David Kelly
14.9%
6=
Joe Harvey
14.8%
Number
Player
% Correct
13
Len White
13.6%
16=
Willie McFaul
13.2%
20
Tony Green
10.8%
29
John Tudor
10.3%
41
Brian Kilcline
9.4%
43=
Len Shackleton
9.3%
48
John Anderson
9%
16=
Ronnie Simpson
8.3%
6=
Stan Seymour
8.3%
33
Terry Hibbitt
7.6%
30
David Craig
7.5%
49
Xisco
6.5%
12
Bobby Mitchell
5.7%
16=
Jimmy Lawrence
5.1%
10=
Billy McCracken
5.1%
9
Colin Veitch
5.1%
15
Albert Stubbins
4.9%
17
Frank Brennan
4.5%
10=
Frank Hudspeth
4.3%
43=
Bob Stokoe
4%
22
Jimmy Scoular
3.4%
23
Alf McMichael
3%
24
Vic Keeble
2.7%
26=
Jock Rutherford
2.6%
21
Bobby Cowell
2.2%
26=
Albert Shepherd
1.9%
26=
Peter McWilliam
1.2%
Quiz Playlist
Details
Report
Send in Message
Add To Playlist
Classic:
Type in answers that appear in a list
Quiz Source
Last Updated: Sep 10, 2018
Quiz Scoreboard
CHALLENGE
Sign Up to Join the Scoreboard
Show All
Scores
Hide
Comments
May contain spoilers
Recently Published
Colored Red Africa Blitz
by spor1
Geography
30s
Find the 'City' Movie
by crazypaving
Movies
60s
5x2 Blitz: Bands
by SL_Kpop136
Music
30s
More to Explore
Quiz From the Vault
Featured Blog Post
14 Easter Pick-up Lines to Find Eggs With
hide this ad
You Might Also Like...
Tags
Football Quiz
Numbers Quiz
Premier League Quiz
Soccer Quiz
Newcastle United
Player
Top 50
Today's Top Quizzes in Sports
Browse Sports
hide this ad
Today's Top Quizzes in Numbers
Browse Numbers
Top Contributed Quizzes in Sports
1
Les meilleurs buteurs des matchs entre le PSG et l’OM
2
Les entraîneurs de l'OM et du PSG au 21e siècle
3
Les joueurs passés par le PSG et l'OM
4
2022 World Cup Stars
5
Players with Multiple 50 Home Run Seasons
6
Criteria MLB: Left Handed Sluggers
7
MLB Players with Two .350 Batting Average Seasons
8
Les joueurs passés par le LOSC et le RC Lens
9
NBA Logic Puzzle 2.0
10
Top 10 NHL Goal Scorers of All Time
Explore More
Trending Topics
Anime
Disney
Harry Potter
NBA
Kpop
Crossword
Marvel
NFL
Puzzle
Soccer
Pokémon
The Office
Country
Song
WWE
hide this ad
More By:
Cestrian
Quiz
Plays
Rating
Category
Featured
Created
Champions League Nationalities
239,158
4.14
Sports
Dec 9, 2010
Premier League Winning Nations
195,102
4.22
Sports
Jun 22, 2011
Most Expensive Footballer by Nation
164,006
3.30
Sports
Jun 1, 2012
Times Top 50 Liverpool Players
11,009
4.25
Sports
Nov 5, 2010
Times top 50 Manchester United Players
5,326
3.92
Sports
Dec 12, 2010
Go to Creator's Profile
Score Distribution
Quiz Creator Spotlight
Cestrian
Follow
Send a Message
Quizzes Created
-
Created Quiz Play Count
-
More By This Creator
Popular Quizzes Today
1
Colored Red Africa Blitz
2
Find the US States - No Outlines Minefield
3
Find the 'City' Movie
4
5x2 Blitz: Bands
5
The Countries of the World
6
Find the US States
7
Find the Countries of Europe - No Outlines Minefield
8
US States
More Sports Quizzes
NFL QB Playoff Wins (2000s)
Published
Trending Quizzes
Colored Red Europe Blitz I
Colored Red Europe Blitz II
Colored Red Africa Blitz II
Colored Red Europe Blitz III
Colored Red Africa Blitz III
Recently Updated
How Do You Spell That?
pecheneg
Godzilla Movies
pecheneg
Grab Bag: 4-10 Letters
pecheneg
2024 March Madness Bracket
pecheneg
Famous TV Couples
Peacemaker
Champions League XIs: Real Madrid
pecheneg
Largest US Cities 1790-2010
pecheneg
Rides in Walt Disney World
pecheneg
Most Oscar Losses (Acting)
pecheneg
Beyoncé Albums
pecheneg
Trending Topics
Marvel
NBA
Anime
Kpop
Harry Potter
Crossword
Disney
The Office
Puzzle
WWE
Pokémon
Song
Country
NFL
Soccer
Your Account Isn't Verified!
In order to create a playlist on Sporcle, you need to verify the email address you used during registration. Go to your
Sporcle Settings
to finish the process.
Report this User
Report this user for behavior that violates our
Community Guidelines
.
Details:
Send Report
Go to the Sporcle.com Mobile Site →
Comments